The secret history of home economics : how ... Read More
Available copies
- 2 of 3 copies available at LARL/NWRL Consortium.
- 1 of 2 copies available at Lake Agassiz Regional Library. (Show preferred library)
Current holds
2 current holds with 3 total copies.
Show Only Available Copies
| Location | Call Number / Copy Notes | Barcode | Shelving Location | Status | Due Date |
|---|---|---|---|---|---|
| Hawley Public Library | 920 DRE (Text) | 33500013393590 | Main | Available | - |
| Moorhead Public Library | 920 DRE (Text) | 33500013393582 | Main | In transit | - |
| Godel Memorial-Warren Library | 920 DRE (Text) | 35500006483141 | Main | Available | - |
Record details
- ISBN: 9781324004493
- ISBN: 1324004495
- Physical Description: pages cm
- Edition: First edition.
- Publisher: New York, N.Y. : W. W. Norton & Company, [2021]
Content descriptions
| Bibliography, etc. Note: | Includes bibliographical references and index. |
| Formatted Contents Note: | Everything you know about home economics is wrong ... Read More |
| Summary, etc.: | "The surprising, often fiercely feminist, always ... Read More |
Search for related items by subject
| Genre: | Biographies. History. |
| LDR | 03540cam a22005178i 4500 | ||
|---|---|---|---|
| 001 | 358949 | ||
| 003 | LARL_NWRL_CONSORTIUM | ||
| 005 | 20210202135733.0 | ||
| 008 | 201210s2021 nyu b 001 0ceng | ||
| 010 | . | ‡a 2020054841 | |
| 040 | . | ‡aDLC ‡beng ‡erda ‡cDLC ‡dOCLCO ‡dOCLCF | |
| 020 | . | ‡a9781324004493 ‡q(hardcover) | |
| 020 | . | ‡a1324004495 | |
| 020 | . | ‡z9781324004509 ‡q(epub) | |
| 035 | . | ‡a(OCoLC)1196174367 | |
| 042 | . | ‡apcc | |
| 043 | . | ‡an-us--- | |
| 082 | 0 | 0. | ‡a640.92 ‡223 |
| 100 | 1 | . | ‡aDreilinger, Danielle, ‡eauthor. |
| 245 | 1 | 4. | ‡aThe secret history of home economics : ‡bhow trailblazing women harnessed the power of home and changed the way we live / ‡cDanielle Dreilinger. |
| 250 | . | ‡aFirst edition. | |
| 264 | 1. | ‡aNew York, N.Y. : ‡bW. W. Norton & Company, ‡c[2021] | |
| 300 | . | ‡apages cm | |
| 336 | . | ‡atext ‡btxt ‡2rdacontent | |
| 337 | . | ‡aunmediated ‡bn ‡2rdamedia | |
| 338 | . | ‡avolume ‡bnc ‡2rdacarrier | |
| 504 | . | ‡aIncludes bibliographical references and index. | |
| 505 | 0 | . | ‡aEverything you know about home economics is wrong -- The road to home economics -- The Lake Placid Conference -- Food will win the war -- Perhaps it wasn't really a man's job after all -- It's up to the women -- Clothes moths work for Hitler -- From coveralls to housecoats -- The iron fist in the oven mitt -- Selling Mrs. Housewife -- New directions -- New homemakers build the future -- Beyond stitching and stirring -- Addressing the enemy -- Home economics at risk -- What would Ellen do? -- How to bring back home ec. |
| 520 | . | ‡a"The surprising, often fiercely feminist, always fascinating, yet barely known, history of home economics. The term "home economics" may conjure traumatic memories of lopsided hand-sewn pillows or sunken cakes. But obscured by common conception is the story of the revolutionary science of better living. The field exploded opportunities for women in the twentieth century by reducing domestic work and providing jobs as professors, engineers, chemists, and businesspeople that were otherwise foreclosed. In The Secret History of Home Economics, Danielle Dreilinger traces the field's history from small farms to the White House, from Victorian suffragists to Palo Alto techies. Home economics followed the currents of American culture even as it shaped them; Dreilinger brings forward the racism within the movement along with the strides taken by Black women who were influential leaders and innovators. She also looks at the personal lives of home economics' women, as they chose being single, shared lives with women, or tried for egalitarian marriages. This groundbreaking and engaging history restores a maligned subject to its rightful importance"-- ‡cProvided by publisher. | |
| 650 | 0. | ‡aHome economists ‡zUnited States ‡vBiography. | |
| 650 | 0. | ‡aHousekeepers ‡zUnited States ‡vBiography. | |
| 650 | 0. | ‡aWomen scientists ‡zUnited States ‡vBiography. | |
| 650 | 0. | ‡aHome economics ‡zUnited States ‡xHistory. | |
| 650 | 7. | ‡aHome economics. ‡2fast ‡0(LARL_NWRL_CONSORTIUM)22294 | |
| 650 | 7. | ‡aHome economists. ‡2fast ‡0(LARL_NWRL_CONSORTIUM)22297 | |
| 650 | 7. | ‡aHousekeepers. ‡2fast ‡0(LARL_NWRL_CONSORTIUM)41345 | |
| 650 | 7. | ‡aWomen scientists. ‡2fast ‡0(LARL_NWRL_CONSORTIUM)34770 | |
| 651 | 7. | ‡aUnited States. ‡2fast ‡0(LARL_NWRL_CONSORTIUM)54625 | |
| 655 | 7. | ‡aBiographies. ‡2fast | |
| 655 | 7. | ‡aHistory. ‡2fast | |
| 905 | . | ‡uvanderl | |
| 901 | . | ‡a358949 ‡b ‡c358949 ‡tbiblio ‡soclc | |

Add to basket
Permalink
Enable Highlighting